<?xml version="1.0" encoding="UTF-8"?>
<record
    xmlns:xsi="http://www.w3.org/2001/XMLSchema-instance"
    xsi:schemaLocation="http://www.loc.gov/MARC21/slim http://www.loc.gov/standards/marcxml/schema/MARC21slim.xsd"
    xmlns="http://www.loc.gov/MARC21/slim">

  <leader>01056nab a2200277 uc4500</leader>
  <controlfield tag="001">663367</controlfield>
  <controlfield tag="005">20240201163400.0</controlfield>
  <controlfield tag="008">010511e20010301                    eng  </controlfield>
  <datafield tag="035" ind1=" " ind2=" ">
    <subfield code="a">663367</subfield>
  </datafield>
  <datafield tag="035" ind1=" " ind2=" ">
    <subfield code="a">(OCoLC)819907388</subfield>
  </datafield>
  <datafield tag="040" ind1=" " ind2=" ">
    <subfield code="c">comduadb</subfield>
  </datafield>
  <datafield tag="041" ind1=" " ind2=" ">
    <subfield code="a">eng</subfield>
  </datafield>
  <datafield tag="100" ind1="1" ind2="0">
    <subfield code="a">Breyer, S.</subfield>
    <subfield code="4">aut</subfield>
    <subfield code="e">aut</subfield>
    <subfield code="9">305648</subfield>
  </datafield>
  <datafield tag="245" ind1="1" ind2="0">
    <subfield code="a">UMTS node B architecture in a multi-standard environment</subfield>
  </datafield>
  <datafield tag="650" ind1=" " ind2=" ">
    <subfield code="a">GSM (Sistema global de comunicaciones m&#xF3;viles)</subfield>
    <subfield code="9">63695</subfield>
  </datafield>
  <datafield tag="650" ind1=" " ind2=" ">
    <subfield code="a">UMTS (Sistema universal de comunicaciones m&#xF3;viles)</subfield>
    <subfield code="9">72056</subfield>
  </datafield>
  <datafield tag="650" ind1=" " ind2=" ">
    <subfield code="a">RNC (Controlador de redes terrestres)</subfield>
    <subfield code="9">170425</subfield>
  </datafield>
  <datafield tag="650" ind1=" " ind2=" ">
    <subfield code="a">FDD (D&#xFA;plex por divisi&#xF3;n de frecuencia)</subfield>
    <subfield code="9">69382</subfield>
  </datafield>
  <datafield tag="650" ind1=" " ind2=" ">
    <subfield code="a">IP (Protocolo de internet)</subfield>
    <subfield code="9">67155</subfield>
  </datafield>
  <datafield tag="650" ind1=" " ind2=" ">
    <subfield code="a">ATM (Modo de transferencia as&#xED;ncrono)</subfield>
    <subfield code="9">54554</subfield>
  </datafield>
  <datafield tag="650" ind1=" " ind2=" ">
    <subfield code="a">BSC (Controlador de la estaci&#xF3;n base)</subfield>
    <subfield code="9">77241</subfield>
  </datafield>
  <datafield tag="700" ind1="1" ind2="0">
    <subfield code="a">Haberland, B.</subfield>
    <subfield code="4">aut</subfield>
    <subfield code="e">aut</subfield>
    <subfield code="9">326123</subfield>
  </datafield>
  <datafield tag="700" ind1="1" ind2="0">
    <subfield code="a">Suzuki, E.</subfield>
    <subfield code="4">aut</subfield>
    <subfield code="e">aut</subfield>
    <subfield code="9">337798</subfield>
  </datafield>
  <datafield tag="773" ind1="0" ind2=" ">
    <subfield code="t">Alcatel Telecommunications Review (Paris)</subfield>
    <subfield code="g">Ene.-Mar. 2001, p. 50-54</subfield>
    <subfield code="w">100426</subfield>
    <subfield code="x">1267-7167</subfield>
    <subfield code="0">89879</subfield>
  </datafield>
  <datafield tag="942" ind1=" " ind2=" ">
    <subfield code="c">ARIMP</subfield>
  </datafield>
  <datafield tag="999" ind1=" " ind2=" ">
    <subfield code="c">199359</subfield>
    <subfield code="d">199359</subfield>
  </datafield>
</record>
